Mujeres del mundo : exposición fotográfica /

Gespeichert in:
Bibliographische Detailangaben
Weitere Verfasser: Arceo, Paca (fotógrafo) (fotógrafo), Brunel, Susana (poesía) (poesía)
Format: Buch
Sprache:Spanisch
Veröffentlicht: Madrid, España : Ayuntamiento de Madrid, Dirección General de la Mujer : Red Europea de Mujeres, 1987
Schlagworte:
Tags: Tag hinzufügen
Keine Tags, Fügen Sie das erste Tag hinzu!

MARC

LEADER 00000nam^a2200000^a^4500
001 000397558
005 20250526000000.0
009 20260310121501.42
037 |a Acervo ITESO - Biblioteca 
041 |a ESP 
082 |a 778. 9242  |b MUJ 
245 0 0 |a Mujeres del mundo :  |b exposición fotográfica /  |c Fotógrafo P. Arceo... [et al.] ; poesía de S. Brunel. 
264 1 |a Madrid, España :  |b Ayuntamiento de Madrid, Dirección General de la Mujer :  |b Red Europea de Mujeres,  |c 1987 
300 |a 28 p. ;  |c 28.0 cm. 
336 |a texto  |b txt  |2 rdacontenido 
337 |a sin mediación  |b n  |2 rdamedio 
338 |a volumen  |b nc  |2 rdasoporte 
649 |a XX 
650 |a Fotógrafos Españoles 
650 |a Mujeres -  |z Países Subdesarrollados -  |x Fotografías -  |x Tema Principal 
650 |a Mujeres en el Arte 
650 |a Vida Cotidiana -  |x Fotografías 
650 |a Prácticas Culturales -  |x Fotografías 
650 |a Retrato (Fotografía) 
650 |a Fotografía -  |y Siglo XX 
650 |a Arte -  |y Siglo XX 
700 |a Arceo, Paca  |e (fotógrafo) 
700 |a Brunel, Susana  |e (poesía) 
910 |a Fondo Carlos Núñez Hurtado 
920 |a Impresos - Libros 
930 |a Libros Antiguos y Raros 
905 |a 108 
901 |a 0500292863  |b IT2  |c LRA  |i D80009  |u 20250526 
902 |a https://opac.biblio.iteso.mx/vufind/Record/000397558